000 01031nam a22002417a 4500
005 20100406115843.0
008 100406t xxu||||| |||| 00| 0 hin d
010 _aHN-89112
020 _a9788177111866
_c150.00
035 _aHN-61458
037 _bDBAD / PUB
040 _aDPL
_bHN
082 _a821
100 _aभावसार वीरबाला
_917343
245 _aअभिरचिता /
_cवीरबाला भावसार
246 _aAbhirachita /
_bby Veerbala Bhavsar
260 _aजयपुर
_bसाहित्यागार
_c2009
270 _aधामाणी मार्केट की गली, चौड़ा रास्ता
_bजयपुर
300 _a127पृ
_c22सेमी (सजिल्द)
650 _aहिन्दी कविताएँ
_917344
942 _2ddc
_cHN
_h821
_mभावसा
999 _c35089
_d35089